Quản lý chiến lược /
Quản lý mang tính chiến lược; Đánh giá các cơ hội và sự đe doạ, tiến hành một phân tích bên ngoài; Đánh giá những điểm yếu, tiến hành nội bộ; Các chiến lược chức năng; Chiến lược cạnh tranh; Chiến lược công ty...
שמור ב:
| מחבר ראשי: | |
|---|---|
| פורמט: | ספר |
| שפה: | Vietnamese |
| יצא לאור: |
Hà Nội :
Khoa học và kỹ thuật,
2000.
|
| נושאים: | |
| תגים: |
הוספת תג
אין תגיות, היה/י הראשונ/ה לתייג את הרשומה!
|
| Thư viện lưu trữ: | Mạng thư viện Đại học Đà Nẵng |
|---|
| LEADER | 01113cam a2200337 i 4500 | ||
|---|---|---|---|
| 001 | 000047092 | ||
| 003 | 6625 | ||
| 005 | 20030917110251.0 | ||
| 008 | 010306b2000 vm 000 vie | ||
| 020 | |c 32000 | ||
| 040 | |a IRC |c IRC |d IRC | ||
| 041 | 0 | |a vie | |
| 082 | 1 | 4 | |a 658.503 |b PH-A |
| 100 | 1 | |a Phạm Lan Anh. | |
| 245 | 0 | 0 | |a Quản lý chiến lược / |c Phạm Lan Anh. |
| 260 | |a Hà Nội : |b Khoa học và kỹ thuật, |c 2000. | ||
| 300 | |a 326tr. ; |c 20,5cm. | ||
| 520 | 3 | |a Quản lý mang tính chiến lược; Đánh giá các cơ hội và sự đe doạ, tiến hành một phân tích bên ngoài; Đánh giá những điểm yếu, tiến hành nội bộ; Các chiến lược chức năng; Chiến lược cạnh tranh; Chiến lược công ty... | |
| 630 | 0 | 4 | |a Quản lý. |
| 630 | 0 | 4 | |a Chiến lược. |
| 650 | 0 | 4 | |a Quản lý chiến lược. |
| OWN | |a DUT | ||
| 999 | |a From the UDN01 | ||
| TYP | |a Monograph | ||
| TYP | |a Printed language | ||
| 980 | |a Mạng thư viện Đại học Đà Nẵng | ||